000 01379nam a2200301 4500
003 EC-UNACH
005 20251027105410.0
006 s||||gr|||| 00| 00
008 150116t9999 mx r gr 000 0 spa d
020 _a978-9978-67-192-4
040 _aEC-UNACH
_cEC-UNACH
041 _aspa
082 0 4 _223
_a342
_bL017891
110 _aCrearimagen
245 _aCodesarrollo en los andes contextos y actores para una acción transnacional
250 _aPrimera edicción
264 _aEspaña
_bCrearimagen
_c2009
300 _a179
505 _a - La migración y el codesarrollo campos sociales de acción transnacional - Viviendo atreves del mundo : diáspora desarrollo y compromiso transnacional - La cooperación al desarrollo en busca de identidad - Fantasmas y potencias del desarrollo - La migración ecuatoriana en el desarrollo elementos para una transnacional estatal - Construyendo codesarrollo en los andes peruanos experiencia piloto Junín Global - Los actores del codesarrollo: el caso español - El codesarrollo como proceso : experiencias practicas en Catalunya (España)
650 _aLa migración
650 _aIdentidad
650 _aTransnacional estatal
700 _aAlmudena Cortes y Alicia Torres
942 _2ddc
_c1
999 _c14087